Europe Capitals - Statistics

General Stats
  • This quiz has been taken 24 times
  • The average score is 39 of 46
Answer Stats
Country Capital % Correct
Netherlands Amsterdam
100%
Greece Athens
100%
Germany Berlin
96%
Belgium Brussels
96%
Denmark Copenhagen
96%
Ireland Dublin
96%
Ukraine Kiev
96%
Portugal Lisbon
96%
United Kingdom London
96%
Luxembourg Luxembourg
96%
Spain Madrid
96%
Monaco Monaco
96%
Russia Moscow
96%
Norway Oslo
96%
France Paris
96%
Switzerland Bern
91%
Italy Rome
91%
Sweden Stockholm
91%
Vatican City Vatican City
91%
Austria Vienna
91%
Romania Bucharest
87%
Hungary Budapest
87%
Iceland Reykjavik
87%
San Marino San Marino
87%
Bulgaria Sofia
87%
Poland Warsaw
87%
Finland Helsinki
83%
Serbia Belgrade
78%
Belarus Minsk
78%
Andorra Andorra La Vella
74%
Slovakia Bratislava
74%
Cyprus Nicosia
74%
Czechia Prague
74%
Latvia Riga
74%
Bosnia and Herzegovina Sarajevo
74%
Estonia Tallinn
74%
Liechtenstein Vaduz
74%
Lithuania Vilnius
74%
Croatia Zagreb
74%
Moldova Chisinau
70%
Montenegro Podgorica
70%
Northern Macedonia Skopje
70%
Albania Tirana
70%
Slovenia Ljubljana
65%
Kosovo Pristina
65%
Malta Valleta
65%
No matching quizzes found
Score Distribution
Percent of People with Each Score
Percentile by Number Answered
Your Score History
You have not taken this quiz